| 000 | 00546pab a2200193 454500 | ||
|---|---|---|---|
| 008 | 180718b2009 xxu||||| |||| 00| 0 eng d | ||
| 100 | _aTolbert, Caroline | ||
| 245 | _aReforming presidential nominations: rotating state primaries or a national primary? | ||
| 260 | _c2009 | ||
| 300 | _ap.71-79. | ||
| 362 | _aJan | ||
| 650 | _aUnited States. President - Elections | ||
| 650 | _aPresidents | ||
| 700 | _aBowen, Daniel C. | ||
| 700 | _aRedlawsk, David P. | ||
| 773 | _aPS: Political Science and Politics | ||
| 908 | _aN | ||
| 909 | _a83591 | ||
| 999 |
_c83591 _d83591 |
||